El Señor me envió a evangelizar a los pobres
Sábháilte in:
| Príomhchruthaitheoir: | |
|---|---|
| Formáid: | LEABHAR |
| Teanga: | Spáinnis |
| Foilsithe / Cruthaithe: |
Santiago
Vicaría de la Solidaridad
1983
|
| Eagrán: | 1a. ed |
| Sraith: | Colección Educadores para la Justicia, 2
|
| Ábhair: | |
| Clibeanna: |
Cuir clib leis
Níl clibeanna ann, Bí ar an gcéad duine le clib a chur leis an taifead seo!
|
MARC
| LEADER | 00000nam a2200000 a 4500 | ||
|---|---|---|---|
| 001 | UCJ9531 | ||
| 003 | CL-VaPUC | ||
| 008 | 070323e19830000CL |||||||||||||||||spa|d | ||
| 082 | 0 | 4 | |a 261.8 |b ALV |2 21 |
| 100 | 0 | |a Alvear Urrutia, Enrique |e author |9 519513 | |
| 245 | 1 | 3 | |a El Señor me envió a evangelizar a los pobres |
| 250 | |a 1a. ed | ||
| 300 | |a 270 p | ||
| 942 | |c BK | ||
| 945 | |d 20070323 00:00:00 |a cmena | ||
| 260 | |a Santiago |b Vicaría de la Solidaridad |c 1983 | ||
| 650 | 7 | |a EVANGELIZACION |2 CL-VaPUC |9 519514 | |
| 650 | 0 | |a Educación religiosa |9 308312 | |
| 650 | 0 | |a Pobreza |9 258652 | |
| 650 | 0 | |a Solidaridad |9 259208 | |
| 650 | 0 | |a Problemas sociales |9 258537 | |
| 583 | |a last modification |c 20070323 00:00:00 |k Rodrigo Vera | ||
| 490 | 0 | |a Colección Educadores para la Justicia, 2 | |
| 999 | |c 324992 |d 324990 | ||
| 952 | |0 0 |1 0 |4 0 |6 261_800000000000000_ALV_1983 |7 0 |8 A |9 405425 |a BIBTEO |b BIBTEO |d 2019-11-22 |i 4304497 |o 261.8 ALV 1983 |p 4304497 |r 2025-01-17 |w 2019-11-22 |y BK |k ICR | ||